LIBRARY & INFORMATION CENTRE, KCAET, TAVANUR

ONLINE PUBLIC ACCESS CATALOGUE (OPAC)

Normal view MARC view
  • Narayan Nair

Entry Personal Name

Number of records used in: 1

001 - CONTROL NUMBER

  • control field: 3801

003 - CONTROL NUMBER IDENTIFIER

  • control field: OSt

005 - DATE AND TIME OF LATEST TRANSACTION

  • control field: 20181029113808.0

008 - FIXED-LENGTH DATA ELEMENTS

  • fixed length control field: 181029|| aca||aabn | a|a d

040 ## - CATALOGING SOURCE

  • Original cataloging agency: OSt
  • Transcribing agency: OSt

100 ## - HEADING--PERSONAL NAME

  • Personal name: Narayan Nair

670 ## - SOURCE DATA FOUND

  • Source citation: Work cat.: (OSt)15250: MINIL KUMAR K. X 3800, Feasibility of scs - curve number method of runoff estimation for small sloping watersheds of western ghats
free website counter